[Event "Titled Tuesday intern op 23rd Apr Late"]
[Site "Chess.com INT"]
[Date "2024.04.23"]
[Round "1"]
[White "Biastoch, Bennet"]
[Black "Odeh, Kenneth"]
[Result "1-0"]
[WhiteElo "2211"]
[BlackElo "1959"]
[PlyCount "73"]
[EventDate "2024.04.23"]
[EventType "swiss (blitz)"]
[EventRounds "11"]
[EventCountry "USA"]
[SourceTitle "CB18_2024"]
[SourceDate "2024.05.01"]
[SourceVersion "1"]
[SourceVersionDate "2024.05.01"]
[SourceQuality "2"]

1. e4 c6 2. Nf3 d5 3. Nc3 Bg4 4. h3 Bxf3 5. Qxf3 e6 6. Be2 Nf6 7. 0-0 dxe4 8. Nxe4 Nxe4 9. Qxe4 Nd7 10. d4 Nf6 11. Qe3 Bd6 12. b3 Qc7 13. Bb2 0-0 14. c4 b5 15. Rad1 bxc4 16. bxc4 Be7 17. Bd3 Rab8 18. Ba1 Qa5 19. Bb1 Rfd8 20. Rfe1 Rb7 21. Qd3 g6 22. Qf3 Qa3 23. Qxc6 Rbd7 24. d5 Qd6 25. Qxd6 Rxd6 26. Be5 R6d7 27. d6 Bxd6 28. Bxf6 Bh2+ 29. Kxh2 Rxd1 30. Rxd1 Rxd1 31. Bc2 Rd2 32. Bb3 Rxf2 33. Bd4 Rd2 34. Bxa7 Kg7 35. c5 Rd7 36. Bb6 Rd8 37. Bxd8 1-0

[Event "Titled Tuesday intern op 23rd Apr Late"]
[Site "Chess.com INT"]
[Date "2024.04.23"]
[Round "2"]
[White "Radhakrishnan, Sharath"]
[Black "Odeh, Kenneth"]
[Result "1-0"]
[WhiteElo "1963"]
[BlackElo "1959"]
[PlyCount "53"]
[EventDate "2024.04.23"]
[EventType "swiss (blitz)"]
[EventRounds "11"]
[EventCountry "USA"]
[SourceTitle "CB18_2024"]
[SourceDate "2024.05.01"]
[SourceVersion "1"]
[SourceVersionDate "2024.05.01"]
[SourceQuality "2"]

1. e4 c6 2. d4 d5 3. Nc3 dxe4 4. Nxe4 Bf5 5. Ng3 Bg6 6. h4 h6 7. Nf3 Nd7 8. h5 Bh7 9. Bd3 Bxd3 10. Qxd3 e6 11. Bf4 Ngf6 12. 0-0-0 Qa5 13. Kb1 Be7 14. Ne4 Nd5 15. Bd2 Nb4 16. Bxb4 Bxb4 17. g4 Be7 18. Rhe1 0-0 19. Rg1 b5 20. g5 hxg5 21. Nexg5 Nf6 22. h6 g6 23. Nxe6 Kh7 24. Nfg5+ Kxh6 25. Rh1+ Nh5 26. Rxh5+ Kxh5 27. Qh3# 1-0

[Event "Titled Tuesday intern op 05th Sep Late"]
[Site "Chess.com INT"]
[Date "2023.09.05"]
[Round "4"]
[White "Odeh, Kenneth"]
[Black "Bullen, Alex"]
[Result "1/2-1/2"]
[WhiteElo "1932"]
[BlackElo "2128"]
[PlyCount "47"]
[EventDate "2023.09.05"]
[EventType "swiss (blitz)"]
[EventRounds "11"]
[EventCountry "USA"]
[SourceTitle "EXT 2024"]
[Source "ChessBase"]
[SourceDate "2023.10.10"]
[SourceVersion "1"]
[SourceVersionDate "2023.10.10"]
[SourceQuality "1"]

1. e4 c6 2. Nf3 g6 3. d4 d5 4. e5 h5 5. Bg5 Bg4 6. Qd2 Bxf3 7. gxf3 Qb6 8. b3 e6 9. a3 Nh6 10. Bh3 Nf5 11. Bxf5 gxf5 12. 0-0 c5 13. Bf6 Rg8+ 14. Kh1 Nd7 15. dxc5 Bxc5 16. Nc3 Nxf6 17. exf6 0-0-0 18. Na4 Qc7 19. Nxc5 Qxc5 20. c4 dxc4 21. Qf4 c3 22. Rac1 Rd4 23. Qe3 Rd5 24. Rxc3 1/2-1/2

[Event "Titled Tuesday intern op 05th Sep Late"]
[Site "Chess.com INT"]
[Date "2023.09.05"]
[Round "6"]
[White "Odeh, Kenneth"]
[Black "Figorito, Nick"]
[Result "1/2-1/2"]
[WhiteElo "1932"]
[BlackElo "2036"]
[PlyCount "95"]
[EventDate "2023.09.05"]
[EventType "swiss (blitz)"]
[EventRounds "11"]
[EventCountry "USA"]
[SourceTitle "EXT 2024"]
[Source "ChessBase"]
[SourceDate "2023.10.10"]
[SourceVersion "1"]
[SourceVersionDate "2023.10.10"]
[SourceQuality "1"]

1. e4 e6 2. d4 d5 3. exd5 exd5 4. Nf3 Bd6 5. Bd3 Ne7 6. 0-0 0-0 7. Bg5 f6 8. Bh4 Bf5 9. Bg3 c6 10. Bxd6 Qxd6 11. c3 Nd7 12. Na3 Bxd3 13. Qxd3 Ng6 14. Qd2 Rfe8 15. Rfe1 Qf4 16. Qxf4 Nxf4 17. Rxe8+ Rxe8 18. Re1 Rxe1+ 19. Nxe1 Nb6 20. g3 Ng6 21. Nd3 Nd7 22. Nc2 Kf7 23. Kg2 Ke6 24. f4 Kd6 25. b4 Ne7 26. Nc5 b6 27. Nxd7 Kxd7 28. Kf3 Nc8 29. Ke2 Nd6 30. Kd3 Ne4 31. Ne3 b5 32. Nd1 Ke6 33. Ne3 h5 34. f5+ Kd7 35. Nd1 Nd6 36. Ne3 Ke7 37. Ke2 Kf7 38. Kf3 Ne4 39. Nd1 g6 40. fxg6+ Kxg6 41. Kf4 Nd2 42. h3 Ne4 43. g4 hxg4 44. hxg4 Nd2 45. Ne3 Ne4 46. Nd1 Nd2 47. Ne3 Ne4 48. Nd1 1/2-1/2

[Event "Titled Tuesday intern op 19th Jan"]
[Site "Chess.com INT"]
[Date "2021.01.19"]
[Round "3"]
[White "Mrudul, Dehankar"]
[Black "Odeh, Kenneth"]
[Result "1-0"]
[WhiteElo "2256"]
[BlackElo "1932"]
[PlyCount "83"]
[EventDate "2021.01.19"]
[EventType "swiss (blitz)"]
[EventRounds "11"]
[EventCountry "USA"]
[SourceTitle "CBM 200 Extra"]
[Source "ChessBase"]
[SourceDate "2021.03.31"]
[SourceVersion "1"]
[SourceVersionDate "2021.03.31"]
[SourceQuality "1"]

1. e4 c6 2. d4 d5 3. Nd2 dxe4 4. Nxe4 Bf5 5. Ng3 Bg6 6. h4 h6 7. Nh3 e6 8. Nf4 Ne7 9. Bc4 Bf5 10. c3 Nd7 11. 0-0 Nb6 12. Bb3 Nbd5 13. Nxd5 cxd5 14. Ba4+ Nc6 15. Nxf5 exf5 16. Qf3 Qd7 17. Re1+ Be7 18. Qg3 0-0 19. Bxh6 Bf6 20. h5 Rfe8 21. Bg5 Bxg5 22. Qxg5 Re6 23. Bc2 Rae8 24. Rf1 g6 25. h6 Re2 26. g3 Qe7 27. Qxe7 R8xe7 28. Rac1 Rd2 29. Kg2 Ree2 30. Bd1 Re6 31. Rb1 Na5 32. Bf3 Rd6 33. Rfd1 Rxd1 34. Rxd1 Nc4 35. b3 Nb2 36. Re1 Nd3 37. Re3 Nc1 38. Re5 Nxa2 39. Rxd5 Rxd5 40. Bxd5 Nxc3 41. Bxb7 Kh7 42. d5 1-0

[Event "Gibraltar Challengers-B"]
[Site "Caleta"]
[Date "2018.01.28"]
[Round "2"]
[White "Odeh, Kenneth"]
[Black "Maisuradze, Nino"]
[Result "0-1"]
[WhiteElo "1922"]
[BlackElo "2234"]
[PlyCount "92"]
[EventDate "2018.01.27"]
[EventType "swiss"]
[EventRounds "5"]
[EventCountry "GGB"]
[SourceTitle "EXT 2019"]
[Source "ChessBase"]
[SourceDate "2018.10.10"]
[SourceVersion "1"]
[SourceVersionDate "2018.10.10"]
[SourceQuality "1"]

1. e4 c5 2. Nc3 Nc6 3. g3 g6 4. Bg2 Bg7 5. d3 d6 6. Be3 Rb8 7. Qd2 b5 8. Nge2 b4 9. Nd1 Nd4 10. c3 Nxe2 11. Qxe2 bxc3 12. bxc3 Qa5 13. Bd2 Ba6 14. 0-0 Nf6 15. c4 Qa3 16. Bc3 0-0 17. Bb2 Rxb2 18. Qxb2 Qxd3 19. Rc1 Nxe4 20. Qc2 Qxc2 21. Rxc2 Nf6 22. Ne3 Rb8 23. Re1 e6 24. h3 Kf8 25. Rcc1 Nd7 26. Rb1 Nb6 27. Bf1 Rd8 28. Rec1 Bd4 29. Rb3 Rd7 30. Rc2 f5 31. a4 Rd8 32. a5 Nd7 33. Rc1 g5 34. Nc2 e5 35. Na3 f4 36. g4 e4 37. Nc2 Ne5 38. Nxd4 cxd4 39. c5 d3 40. c6 Rc8 41. c7 Ke7 42. Bg2 e3 43. Be4 d2 44. Rbb1 dxc1Q+ 45. Rxc1 e2 46. Bf5 Nf3+ 0-1

[Event "Gibraltar Challenger op-A"]
[Site "Caleta"]
[Date "2017.01.25"]
[Round "3"]
[White "Odeh, Kenneth"]
[Black "Miracola, Giorgia"]
[Result "1/2-1/2"]
[WhiteElo "1969"]
[BlackElo "1924"]
[PlyCount "131"]
[EventDate "2017.01.23"]
[EventType "swiss"]
[EventRounds "5"]
[EventCountry "GGB"]
[SourceTitle "CBM 176 Extra"]
[Source "ChessBase"]
[SourceDate "2017.03.02"]
[SourceVersion "1"]
[SourceVersionDate "2017.03.02"]
[SourceQuality "1"]

1. d4 g6 2. Nf3 Bg7 3. c4 c5 4. d5 f5 5. Nc3 Nf6 6. Qc2 d6 7. g3 0-0 8. Bg2 Na6 9. a3 Nc7 10. 0-0 Rb8 11. a4 Na6 12. Na2 Bd7 13. Bd2 Ne4 14. Be1 Qe8 15. Nc3 Nb4 16. Qb3 Nf6 17. Nd2 a6 18. Ndb1 e5 19. Na3 f4 20. Nc2 Nxc2 21. Qxc2 Bf5 22. Ne4 Qd7 23. Bd2 Rbe8 24. Nxf6+ Rxf6 25. Qc1 g5 26. e4 Bh3 27. f3 Bxg2 28. Kxg2 h5 29. Qe1 Rg6 30. h3 g4 31. fxg4 hxg4 32. h4 f3+ 33. Kf2 Bh6 34. Bxh6 Rxh6 35. Qe3 Qh7 36. a5 Kf7 37. Rh1 Rb8 38. Ra3 b5 39. Rb3 b4 40. Rd3 Rg8 41. Rdd1 Kf6 42. Rh2 Rh5 43. Rdh1 Qc7 44. Ra1 Qd7 45. Ke1 Qh7 46. Kf2 Qd7 47. Qd2 Qh7 48. Qc2 Qe7 49. Rf1 Rg7 50. Rhh1 Rgh7 51. Ke3 Kf7 52. Kd3 Kf6 53. b3 Kf7 54. Qd2 Kf6 55. Rf2 Kg6 56. Rhf1 Rf7 57. Qe3 Rg7 58. Rh2 Rgh7 59. Rhh1 Kf6 60. Qd2 Kf7 61. Ke3 Ke8 62. Kf2 Kf8 63. Ra1 Kf7 64. Qa2 R7h6 65. Qd2 Rg6 66. Ra4 1/2-1/2

[Event "Philadelphia int op 10th"]
[Site "Philadelphia"]
[Date "2016.07.06"]
[Round "3"]
[White "Niemann, Hans Moke"]
[Black "Odeh, Kenneth"]
[Result "1-0"]
[WhiteElo "2269"]
[BlackElo "2032"]
[PlyCount "87"]
[EventDate "2016.07.05"]
[EventType "swiss"]
[EventRounds "9"]
[EventCountry "USA"]
[SourceTitle "CBM 173 Extra"]
[Source "ChessBase"]
[SourceDate "2016.08.29"]
[SourceVersion "1"]
[SourceVersionDate "2016.08.29"]
[SourceQuality "1"]

1. d4 Nf6 2. c4 g6 3. f3 d5 4. cxd5 Nxd5 5. e4 Nb6 6. Nc3 Bg7 7. Be3 0-0 8. Qd2 e5 9. d5 c6 10. 0-0-0 cxd5 11. exd5 Bd7 12. h4 Na6 13. Kb1 Bf5+ 14. Kc1 Nb4 15. g4 Bc2 16. Re1 Rc8 17. a3 N6xd5 18. axb4 Nxb4 19. Qxd8 Rfxd8 20. Rh2 Bd3 21. Rd2 e4 22. fxe4 Rd6 23. Kd1 Rxc3 24. bxc3 Bxc3 25. Bxd3 Bxd2 26. Kxd2 Rxd3+ 27. Ke2 Rxe3+ 28. Kxe3 Nc2+ 29. Kd2 Nxe1 30. Kxe1 f6 31. Ke2 Kf7 32. Kd3 Ke6 33. Kd4 a5 34. Ne2 a4 35. Nf4+ Kd6 36. Nd3 a3 37. Kc3 b5 38. Kb3 b4 39. g5 Ke6 40. Nxb4 fxg5 41. hxg5 Ke5 42. Nd5 Ke6 43. Nf6 h5 44. gxh6 1-0